Dominic Fike Charting Songs (Billboard Hot 100) - Statistics

General Stats
  • This quiz has been taken 73 times
    15 since last reset
  • The average score is 4 of 6
Answer Stats
Album Weeks On Peak Artist(s) Song % Correct
Don't Forget About Me, Demos 16 Weeks #16 Dominic Fike Babydoll
100%
Sunburn 2 Weeks #89 Dominic Fike Mona Lisa
75%
Non-Album Single 14 Weeks #32 Dominic Fike White Keys
75%
Ruby 1 Week #95 Jennie ft. Dominic Fike Love Hangover
67%
14 Minutes 2 Weeks #99 Dominic Fike misses
67%
Justice 1 Week #81 Justin Bieber ft. Dominic Fike Die For You
58%
No matching quizzes found
Score Distribution
Percent of People with Each Score
Percentile by Number Answered
Your Score History
You have not taken this quiz since the last reset